[Event "Tournoi Ouvert de Gatineau (A)"]
[Site "Gatineau"]
[Date "2015.03.??"]
[Round "1"]
[White "Simic, Dusan "]
[Black "Sambuev, Bator "]
[Result "0-1"]
[BlackElo "2662"]
[WhiteElo "2133"]

1.c4 e6 2.d4 d5 3.Nc3 c5 4.cxd5 cxd4 5.Qa4+ Bd7 6.Qxd4 exd5 7.Nf3 Nc6 8.Qd1
Bb4 9.Bd2 d4 10.Ne4 Nf6 11.Nxf6+ Qxf6 12.Bxb4 Nxb4 13.Qd2 Nc6 14.g3 O-O
15.Bg2 Bg4 16.O-O Rfe8 17.h3 Bh5 18.Rac1 Rad8 19.g4 Bg6 20.Rfe1 h6 21.Nh2 Be4
22.Bxe4 Rxe4 23.b4 Rf4 24.b5 Ne5 25.e3 dxe3 26.Qxe3 Nd3 27.Rcd1 Rfd4 28.Rf1
g5 29.Nf3 R4d5 30.a4 Kg7 31.Nd2 Nb2 32.Ne4 Nxd1 33.Nxf6 Nxe3 34.fxe3 Rd1
0-1

[Event "Tournoi Ouvert de Gatineau (A)"]
[Site "Gatineau"]
[Date "2015.03.??"]
[Round "1"]
[White "Gordon, David "]
[Black "Doubleday, William G "]
[Result "1-0"]
[BlackElo "2069"]
[WhiteElo "2296"]

1.d4 d5 2.Nf3 c6 3.c4 e6 4.cxd5 exd5 5.Nc3 Bf5 6.Qb3 Qb6 7.Qxb6 axb6 8.a3 h6
9.Bd2 Nf6 10.e3 b5 11.Na2 Na6 12.Be2 Bd6 13.O-O O-O 14.Rfc1 Rfe8 15.Be1 Nd7
16.Ba5 Rac8 17.a4 bxa4 18.Bxa6 bxa6 19.Nc3 Bd3 20.Nxa4 f6 21.Nb6 Nxb6 22.Bxb6
Re7 23.Bc5 Bxc5 24.Rxc5 Rb7 25.Rc3 Be2 26.b3 Rcb8 27.Nd2 Rb6 28.f3 Kf7 29.Kf2
Bb5 30.h4 Ke6 31.Nb1 R8b7 32.Na3 Kd6 33.Nxb5+ cxb5 34.b4 Rc7 35.Rc5 Rbc6
36.h5 Ke6 37.Rxa6 Rxa6 38.Rxc7 Ra4 39.Rxg7 Rxb4 40.Rh7 Rc4 41.Rxh6 Rc8 42.g4
Rb8 43.g5 Kf5 44.Rxf6+ Kxg5 45.Rd6 Kxh5 46.Rxd5+ Kg6 47.Rc5 b4 48.Rc2 b3
49.Rb2 Kf5 50.Ke2 Ke6 51.Kd3 Kd6 52.Kc3 1-0

[Event "Tournoi Ouvert de Gatineau (A)"]
[Site "Gatineau"]
[Date "2015.03.??"]
[Round "1"]
[White "Desjardins, Michel "]
[Black "Davies, Alex "]
[Result "0-1"]
[BlackElo "2281"]
[WhiteElo "2005"]

1.e4 e5 2.Nc3 Nf6 3.Bc4 Bb4 4.Nge2 O-O 5.O-O Nxe4 6.Nxe4 d5 7.Bd3 dxe4 8.Bxe4
Nc6 9.c3 Bc5 10.b4 Bd6 11.b5 Ne7 12.d4 Bf5 13.Ng3 Bxe4 14.Nxe4 exd4 15.cxd4
Nd5 16.Nxd6 Qxd6 17.a4 Rfe8 18.Qf3 Rad8 19.Ba3 Qf4 20.Qxf4 Nxf4 21.Rfe1 Ne2+
22.Kf1 Nxd4 23.Rxe8+ Rxe8 24.Rd1 Ne6 25.Rd7 h6 26.a5 Rd8 27.Rxd8+ Nxd8 28.a6
bxa6 29.bxa6 Nc6 30.Bc5 Nb8 31.Bxa7 Nxa6 32.Ke2 Kf8 33.Kd3 Ke7 34.Kc4 c6
35.f4 Ke6 36.g4 f5 37.h3 g6 38.Bd4 h5 39.gxh5 gxh5 40.Be5 Kd7 41.Bd4 Nc7
42.Be5 Ne6 43.Bb8 Ke7 44.Be5 Nf8 45.Bb8 Ng6 46.Kc5 Kd7 47.Bd6 Nh4 48.Bb8 Nf3
0-1

[Event "Tournoi Ouvert de Gatineau (A)"]
[Site "Gatineau"]
[Date "2015.03.??"]
[Round "1"]
[White "Kellar, Ben "]
[Black "Gelblum, Robert "]
[Result "0-1"]
[BlackElo "2259"]
[WhiteElo "1977"]

1.d4 Nf6 2.c4 c5 3.d5 b5 4.cxb5 a6 5.bxa6 g6 6.Nc3 Bxa6 7.Nf3 d6 8.e4 Bxf1
9.Kxf1 Nbd7 10.g3 Bg7 11.Kg2 O-O 12.Be3 Ng4 13.Bf4 Qa5 14.Qc2 Rfb8 15.Bd2 Qa6
16.Rhb1 Nb6 17.Nd1 Qb7 18.Bc3 Nf6 19.b3 e6 20.dxe6 fxe6 21.e5 Ne4 22.Bb2 Ng5
23.Qe2 Rf8 0-1

[Event "Tournoi Ouvert de Gatineau (A)"]
[Site "Gatineau"]
[Date "2015.03.??"]
[Round "1"]
[White "Gauthier, Denis "]
[Black "Pacey, Kevin "]
[Result "0-1"]
[BlackElo "2238"]
[WhiteElo "1931"]

1.d4 Nf6 2.c4 e6 3.Nf3 d5 4.Nc3 Be7 5.Bf4 O-O 6.e3 c5 7.dxc5 Bxc5 8.Qc2 Nc6
9.a3 Qa5 10.Rd1 Be7 11.Be2 dxc4 12.Bxc4 e5 13.Bg3 Bg4 14.Be2 e4 15.Nd4 Bxe2
16.Nxe2 Rac8 17.O-O Qf5 18.Qa4 a6 19.Rd2 Ne5 20.Rfd1 Nc4 21.Nd5 Nxd5 22.Rxd5
Qf6 23.Qb3 Qxb2 24.Qxb2 Nxb2 25.Rb1 Bxa3 26.Ra5 Bb4 27.Re5 Nd3 28.Rxe4 a5
29.Nd4 Rc4 30.Kf1 a4 31.Ke2 Nc1+ 32.Kd1 Nb3 33.Rh4 Rd8 34.Ke2 Nxd4+ 0-1

[Event "Tournoi Ouvert de Gatineau (A)"]
[Site "Gatineau"]
[Date "2015.03.??"]
[Round "1"]
[White "Rui-Zhu, Hong "]
[Black "Marin, Sam "]
[Result "1-0"]
[BlackElo "1915"]
[WhiteElo "2238"]

1.e4 e5 2.Nf3 d6 3.d4 exd4 4.Nxd4 Nf6 5.Nc3 Be7 6.Bc4 O-O 7.O-O Nc6 8.h3 Nxd4
9.Qxd4 Nd7 10.Nd5 Bf6 11.Nxf6+ Qxf6 12.Qxf6 Nxf6 13.Re1 Re8 14.Bg5 Be6 15.Bf1
Nd7 16.Rad1 f6 17.Be3 g5 18.b3 Ne5 19.Be2 a5 20.a4 Kg7 21.Kh2 h5 22.Bxh5 Rh8
23.Be2 g4 24.Kg3 gxh3 25.f4 Kf7 26.fxe5 Rag8+ 27.Kf3 Rxg2 28.Bf2 fxe5 29.Rg1
Rhg8 30.Rxg2 Rxg2 31.Rg1 Bg4+ 32.Ke3 Bxe2 33.Rxg2 hxg2 34.Kxe2 Ke6 35.Kf3 d5
36.exd5+ Kxd5 37.Kxg2 e4 38.Kf1 c5 39.c4+ 1-0

[Event "Tournoi Ouvert de Gatineau (A)"]
[Site "Gatineau"]
[Date "2015.03.??"]
[Round "1"]
[White "Libersan, Mattieu "]
[Black "Valdizon, Armando "]
[Result "0-1"]
[BlackElo "2226"]
[WhiteElo "1901"]

1.e4 c5 2.a3 e6 3.b4 cxb4 4.d4 d5 5.e5 Nc6 6.Nf3 Bd7 7.Bd3 Rc8 8.O-O Qb6
9.axb4 Nxb4 10.Na3 Nxd3 11.Qxd3 Qc6 12.Bd2 Nh6 13.Rfc1 b5 14.Qb3 Nf5 15.Bb4
Bxb4 16.Qxb4 Qc3 17.Rcb1 Qxb4 18.Rxb4 a6 19.Rb2 O-O 20.Nb1 Rc6 21.Nbd2 Rfc8
22.Rc1 R8c7 23.g4 Ne7 24.Nb3 Rc3 25.Kg2 Ng6 26.Kg3 f6 27.exf6 gxf6 28.h4 Nxh4
29.Kxh4 Rxf3 30.Nc5 Bc8 31.Re1 e5 32.Rb3 Rf4 0-1

[Event "Tournoi Ouvert de Gatineau (A)"]
[Site "Gatineau"]
[Date "2015.03.??"]
[Round "1"]
[White "De Kerpel, Stijn "]
[Black "Fourouzandeh, Ehsan "]
[Result "1-0"]
[BlackElo "1682"]
[WhiteElo "2182"]

1.c4 e5 2.g3 Nf6 3.Bg2 Nc6 4.Nc3 Bb4 5.Nd5 Nxd5 6.cxd5 Ne7 7.e3 d6 8.Qa4+ c6
9.Qxb4 O-O 10.dxc6 Nxc6 11.Qb3 Rb8 12.Bxc6 Be6 13.Bd5 1-0

[Event "Tournoi Ouvert de Gatineau (A)"]
[Site "Gatineau"]
[Date "2015.03.??"]
[Round "2"]
[White "Sambuev, Bator "]
[Black "Wan, Kevin "]
[Result "1-0"]
[BlackElo "2254"]
[WhiteElo "2662"]

1.d4 d5 2.Nf3 Nf6 3.e3 e6 4.Bd3 c5 5.b3 Nc6 6.O-O Be7 7.Bb2 O-O 8.Nbd2 b6
9.a3 Bb7 10.Qe2 Rc8 11.Rfd1 a5 12.c4 cxd4 13.exd4 Qc7 14.Ne5 Rfd8 15.Rac1
dxc4 16.Ndxc4 b5 17.Ne3 Qb6 18.Nxc6 Bxc6 19.Nf5 Bf8 20.d5 exf5 21.dxc6 Rxc6
22.Bxf5 Rxc1 23.Rxc1 b4 24.a4 g6 25.Bd3 Bg7 26.Bc4 Qd6 27.g3 Nd5 28.Bxg7 Kxg7
29.Qf3 Nf6 30.Re1 Rd7 31.Qe3 h5 32.Qe5 Qb6 33.h3 Rd2 34.Qf4 Rd7 35.Qg5 Qd8
36.Qc5 Qa8 37.Qe5 Qa7 38.Qe3 Qc7 39.Bb5 Rd6 40.Qf4 Qc5 41.Bc4 Rd7 42.Kg2 Re7
43.Rd1 g5 44.Qd6 Qa7 45.Qd2 Qc5 46.Qb2 Qc6+ 47.Bd5 Qc5 48.Bf3 Qe5 49.Qd4 Qxd4
50.Rxd4 Rc7 51.Be2 Kg6 52.Rd6 Rc5 53.Bxh5+ Kg7 54.Bd1 Ne4 55.Rd4 Nc3 56.Bf3
Kf6 57.Rd7 Ke6 58.Ra7 f6 59.Ra6+ Kf5 60.Bg4+ Kg6 61.Be6 Ne4 62.Kf3 Nd2+
63.Ke2 Ne4 64.g4 Nc3+ 65.Kd3 Re5 66.f3 Nd1 67.Bf5+ Kf7 68.Kd4 Nc3 69.Be4 Ne2+
70.Kc4 Nf4 71.Bc6 Ne6 72.Bd5 Rxd5 73.Ra7+ Nc7 74.Rxc7+ Ke6 75.Re7+ 1-0

[Event "Tournoi Ouvert de Gatineau (A)"]
[Site "Gatineau"]
[Date "2015.03.??"]
[Round "2"]
[White "Valdizon, Armando "]
[Black "Gordon, David "]
[Result "0-1"]
[BlackElo "2296"]
[WhiteElo "2226"]

1.e4 c5 2.Nc3 Nc6 3.g3 g6 4.Bg2 Bg7 5.Nge2 e6 6.d3 Nge7 7.Be3 Nd4 8.O-O O-O
9.Qd2 d6 10.Rab1 Nec6 11.f4 f5 12.Nd1 Qa5 13.Qxa5 Nxe2+ 14.Kf2 Nxa5 15.Kxe2
Nc6 16.c3 Bd7 17.e5 dxe5 18.Bxc5 Rfe8 19.fxe5 Bxe5 20.Ne3 Bc7 21.d4 b6 22.Ba3
Rad8 23.Rbd1 Na5 24.Rfe1 Kg7 25.c4 f4 26.gxf4 Bxf4 27.b3 Bc6 28.Bxc6 Nxc6
29.Bb2 e5 30.d5 Nd4+ 31.Kf1 Bxh2 32.Ng4 Bg3 33.Rxe5 Bxe5 34.Nxe5 Nf5 35.Ng4+
Kf7 36.Rd3 Re4 37.Ne5+ Kg8 38.Bc3 Rf8 39.Nd7 Ne3+ 40.Kg1 Rf1+ 41.Kh2 Rh4+
0-1

[Event "Tournoi Ouvert de Gatineau (A)"]
[Site "Gatineau"]
[Date "2015.03.??"]
[Round "2"]
[White "Davies, Alex "]
[Black "Rui-Zhu,  Hong"]
[Result "0-1"]
[BlackElo "2238"]
[WhiteElo "2281"]

1.e4 c5 2.Nf3 d6 3.d4 cxd4 4.Nxd4 Nf6 5.Nc3 g6 6.Be3 Bg7 7.f3 Nc6 8.Qd2 O-O
9.g4 Be6 10.O-O-O Ne5 11.h4 Bc4 12.Bh6 Qa5 13.Bxg7 Kxg7 14.h5 Bxa2 15.hxg6
fxg6 16.Qh6+ Kg8 17.g5 Nh5 18.Rxh5 gxh5 19.Nf5 Rf7 20.Qxh5 Kh8 21.f4 Ng6
22.Nxa2 Qxa2 { Flags } 0-1

[Event "Tournoi Ouvert de Gatineau (A)"]
[Site "Gatineau"]
[Date "2015.03.??"]
[Round "2"]
[White "Gelblum, Robert "]
[Black "Yao, Sammy "]
[Result "1-0"]
[BlackElo "2084"]
[WhiteElo "2259"]

1.c4 g6 2.g3 Bg7 3.Bg2 d6 4.Nc3 Nf6 5.e4 O-O 6.Nge2 Nbd7 7.O-O e5 8.f4 c6
9.h3 Re8 10.d3 Nf8 11.Be3 Ne6 12.Qd2 Nh5 13.f5 Nd4 14.g4 Nxe2+ 15.Nxe2 Nf6
16.Bg5 gxf5 17.gxf5 b5 18.Ng3 Qb6+ 19.Kh2 bxc4 20.Bxf6 Bxf6 21.Nh5 Qd8 22.Qh6
Bh8 23.Bf3 f6 24.Rg1+ 1-0

[Event "Tournoi Ouvert de Gatineau (A)"]
[Site "Gatineau"]
[Date "2015.03.??"]
[Round "2"]
[White "Adriaanse, Adam "]
[Black "Gauthier, Denis "]
[Result "1/2-1/2"]
[BlackElo "1931"]
[WhiteElo "2132"]

1.e4 c5 2.Nf3 Nc6 3.c3 Nf6 4.e5 Nd5 5.d4 cxd4 6.cxd4 d6 7.Bc4 e6 8.Qe2 Be7
9.O-O O-O 10.Nc3 Nxc3 11.bxc3 b6 12.d5 Nxe5 13.Nxe5 dxe5 14.dxe6 Bxe6 15.Bxe6
fxe6 16.Qxe5 Qd7 17.Bb2 Bf6 18.Qe2 Rad8 19.Rfd1 Qc6 20.a4 Rfe8 21.Qb5 Qe4
22.a5 Qc2 23.Rdc1 Qf5 24.Qe2 Qd3 25.Kf1 b5 26.Rd1 Qc4 27.Qxc4 bxc4 28.Ke2 a6
29.Ra4 Rxd1 30.Kxd1 Rc8 31.Kc2 Kf7 32.Ba3 Ke8 33.Bb4 Kd7 34.Ra1 Kc6 35.Re1 e5
36.Kd2 Rd8+ 37.Ke3 Rd3+ 38.Ke4 Rd2 39.f4 exf4 40.Kxf4 Rxg2 41.Re6+ Kb5
42.Rb6+ Ka4 43.Rxa6 Kb3 44.Rc6 Bxc3 45.Bxc3 Kxc3 46.h3 Kb4 47.Ke4 Kb5 48.Rc7
Rg3 49.Kd4 Rxh3 50.Rxg7 Rh4+ 51.Kc3 Kxa5 52.Rc7 Kb5 53.Rb7+ Kc6 54.Rg7 h5
55.Rg6+ Kd5 56.Rg5+ Ke6 57.Rc5 Kf6 58.Rc6+ Kg5 59.Rc5+ Kf4 60.Rxc4+ Kg3
61.Rc5 Rh1 62.Kd3 h4 63.Ke2 Ra1 64.Rg5+ Kh2 65.Kf2 Ra2+ 66.Kf1 1/2-1/2

[Event "Tournoi Ouvert de Gatineau (A)"]
[Site "Gatineau"]
[Date "2015.03.??"]
[Round "2"]
[White "Doubleday, William G "]
[Black "Marin, Sam "]
[Result "1-0"]
[BlackElo "1915"]
[WhiteElo "2069"]

1.d4 d5 2.c4 e6 3.Nc3 Nf6 4.Nf3 Be7 5.Bf4 c6 6.e3 Nh5 7.Be5 Nd7 8.Be2 O-O
9.Qc2 Nhf6 10.O-O Nxe5 11.Nxe5 dxc4 12.Bxc4 Nd5 13.Rfd1 Bd6 14.Nf3 Re8 15.a3
a5 16.Ne4 Be7 17.Rac1 Nf6 18.Bd3 Nxe4 19.Bxe4 g6 20.Ne5 Bd7 21.g3 f5 22.Bf3
Qc7 23.h4 Kg7 24.Bg2 Rad8 25.Qc3 Bf6 26.f4 Bc8 27.Nc4 a4 28.Qb4 Be7 29.Qxa4
e5 30.Nxe5 Be6 31.d5 Bg8 32.dxc6 Qb6 33.cxb7 Qxe3+ 34.Kh2 Bb3 35.Rxd8 Bxa4
36.Rxe8 Bxh4 37.Rc7+ Kh6 38.Nf7+ 1-0

[Event "Tournoi Ouvert de Gatineau (A)"]
[Site "Gatineau"]
[Date "2015.03.??"]
[Round "2"]
[White "Kuriliw, Ray "]
[Black "Libersan, Mattieu "]
[Result "1-0"]
[BlackElo "1901"]
[WhiteElo "1979"]

1.f4 e5 2.fxe5 d6 3.exd6 Bxd6 4.Nf3 g5 5.g3 g4 6.Nh4 Ne7 7.d4 Ng6 8.Nxg6 hxg6
9.Qd3 Bf5 10.e4 Qe7 11.Bg2 Nc6 12.c3 O-O-O 13.Bf4 Rhe8 14.Nd2 Bxe4 15.Nxe4 f5
16.Bxd6 Rxd6 17.O-O-O fxe4 18.Qe3 Qe6 19.b3 Na5 20.d5 Qe5 21.Rd4 Red8 22.Rhd1
Rxd5 23.Rxd5 Rxd5 24.Rxd5 Qxd5 25.Qxe4 Qg5+ 26.Kc2 Qf5 27.Qxf5+ gxf5 28.h4
Kd7 29.Kd3 Ke6 30.Ke3 c5 31.c4 a6 32.Bd5+ Ke5 33.h5 b5 34.h6 Kf6 35.Kf4 b4
36.h7 Kg7 37.Kxf5 Kxh7 38.Kxg4 Kg6 39.Be4+ Kf6 40.Kf4 Ke6 41.g4 Kd6 42.Kf5
1-0

[Event "Tournoi Ouvert de Gatineau (A)"]
[Site "Gatineau"]
[Date "2015.03.??"]
[Round "2"]
[White "Kellar, Ben "]
[Black "Cova, Ramon J "]
[Result "0-1"]
[BlackElo "2084"]
[WhiteElo "1937"]

1.c4 c6 2.e4 d5 3.exd5 cxd5 4.cxd5 Qxd5 5.Nc3 Qa5 6.d4 Nf6 7.Bb5+ Bd7 8.Bd3
Nc6 9.Ne2 Bg4 10.f3 Bh5 11.Be3 Bg6 12.O-O e6 13.Ne4 Nd5 14.Bf2 Be7 15.a3 O-O
16.b4 Qb6 17.Nc5 Rfd8 18.Rc1 a6 19.Bxg6 hxg6 20.Qa4 Rac8 21.Rc2 Bf6 22.Rfc1
Bg5 23.Rb1 Be3 24.Rd1 Bxf2+ 25.Kxf2 Nde7 26.Rcd2 Nd5 27.Qc2 Qa7 28.Qe4 Nf6
29.Qf4 b6 30.Ne4 Nd5 31.Qh4 Qe7 32.Ng5 Nf6 33.Qg3 Nh5 34.Qg4 Rd5 35.Nh3 Nf6
36.Qg3 Rf5 37.Nhf4 g5 38.Nd3 Ne4+ 0-1

[Event "Tournoi Ouvert de Gatineau (A)"]
[Site "Gatineau"]
[Date "2015.03.??"]
[Round "3"]
[White "Gordon, David "]
[Black "Sambuev, Bator "]
[Result "0-1"]
[BlackElo "2662"]
[WhiteElo "2296"]

1.d4 d5 2.c4 e6 3.Nc3 c5 4.cxd5 cxd4 5.Qa4+ Bd7 6.Qxd4 exd5 7.e4 Nc6 8.Qxd5
Nf6 9.Qd1 Bc5 10.Bg5 h6 11.Bxf6 Qxf6 12.Nf3 O-O-O 13.Qc1 Bh3 14.Nd5 Rxd5
15.exd5 Bb4+ 16.Nd2 Re8+ 17.Be2 Bxg2 18.dxc6 Bf3 19.cxb7+ Kxb7 20.Rg1 Rxe2+
21.Kf1 Rxd2 22.Rg3 Rd1+ 23.Qxd1 Bxd1 24.Rxd1 Bc5 25.Rd2 g5 26.Rc3 Qf5 27.h3
Bb6 28.a3 Qb1+ 29.Kg2 Qe4+ 30.Kf1 f5 31.b4 h5 32.Rcd3 Ka6 33.Rd5 Qh1+ 34.Ke2
Qg2 35.R2d3 Qxf2+ 36.Kd1 g4 37.hxg4 hxg4 38.a4 g3 0-1

[Event "Tournoi Ouvert de Gatineau (A)"]
[Site "Gatineau"]
[Date "2015.03.??"]
[Round "3"]
[White "Cova, Ramon J "]
[Black "De Kerpel, Stijn "]
[Result "0-1"]
[BlackElo "2182"]
[WhiteElo "2084"]

1.d4 Nf6 2.Nf3 e6 3.e3 b6 4.Bd3 Bb7 5.Nbd2 d5 6.Ne5 Bd6 7.f4 O-O 8.O-O c5
9.c3 Ba6 10.Qe2 Bxd3 11.Qxd3 Nbd7 12.b3 Rc8 13.Bb2 Qc7 14.Rac1 Qb7 15.Rf3 b5
16.Qe2 c4 17.b4 a5 18.a3 Ra8 19.Rh3 Rfc8 20.g4 Bxe5 21.fxe5 Ne4 22.Nxe4 dxe4
23.g5 axb4 24.cxb4 Nf8 25.Rh4 c3 26.Rxc3 Rxc3 27.Bxc3 Rxa3 28.Be1 Ra1 29.Kg2
Qd5 30.Kg3 Ng6 31.Rg4 Ne7 32.h4 Ra2 33.Qf1 Nf5+ 34.Kf4 Ra3 35.Bf2 Nxd4 36.Qd1
Nc6 37.Qxd5 exd5 38.Rg1 Nxb4 39.Rd1 Nd3+ 40.Kg3 Kf8 41.Rb1 b4 42.Be1 b3
43.Bc3 g6 44.h5 Ke8 45.hxg6 hxg6 46.Rh1 Kd7 47.Rf1 Ke7 48.Rb1 Ke6 49.Rf1 b2
50.Bd4 Rb3 51.Rf6+ Ke7 52.Bxb2 Nxb2 53.Kf2 Nd3+ 54.Ke2 Nxe5 0-1

[Event "Tournoi Ouvert de Gatineau (A)"]
[Site "Gatineau"]
[Date "2015.03.??"]
[Round "3"]
[White "Yao, Sammy "]
[Black "Davies, Alex "]
[Result "1/2-1/2"]
[BlackElo "2281"]
[WhiteElo "2084"]

1.e4 e5 2.f4 Nc6 3.Nf3 f5 4.d4 exd4 5.Nxd4 Nxd4 6.Qxd4 fxe4 7.Qxe4+ Be7 8.Bd3
Nf6 9.Qe2 O-O 10.O-O Re8 11.Qf3 d5 12.Nc3 Bg4 13.Qg3 Qd6 14.Bd2 c6 15.Rae1
Qd7 16.h3 Bf5 17.Re5 Bxd3 18.Qxd3 Bd6 19.Rg5 Re7 20.Be3 b6 21.Bd4 Bc5 22.Bxc5
bxc5 23.Re5 Rae8 24.Rfe1 Qd6 25.Qf5 Nd7 26.Rxe7 Rxe7 27.Rxe7 Qxe7 28.Kh2 Qf7
29.Qg5 Qe8 30.Qf5 Qf7 31.Qg5 1/2-1/2

[Event "Tournoi Ouvert de Gatineau (A)"]
[Site "Gatineau"]
[Date "2015.03.??"]
[Round "3"]
[White "Wan, Kevin "]
[Black "Doubleday, William G "]
[Result "1-0"]
[BlackElo "2069"]
[WhiteElo "2254"]

1.e4 c5 2.Nf3 Nc6 3.d4 cxd4 4.Nxd4 Qb6 5.Nb3 Nf6 6.Nc3 e6 7.Be3 Qc7 8.a3 Be7
9.Qd2 a6 10.Be2 b5 11.f4 d6 12.O-O O-O 13.Rfd1 Bb7 14.Bf3 Rac8 15.Qf2 Ba8
16.Nd4 Nd7 17.Qg3 Bf6 18.Nce2 Nc5 19.Nxc6 Bxc6 20.Bxc5 dxc5 21.e5 Be7 22.Rd2
Rfd8 23.Rad1 Rxd2 24.Rxd2 Rd8 25.Rxd8+ Bxd8 26.Bxc6 Qxc6 27.Qd3 Qd5 28.Qxd5
exd5 29.Nc3 d4 30.Nd5 Kf8 31.b4 Ke8 32.Kf2 Kd7 33.Kf3 a5 34.bxc5 Kc6 35.Ke4
Kxc5 36.f5 b4 37.axb4+ axb4 38.Nf4 Kc4 39.Ne2 g6 40.Nxd4 gxf5+ 41.Nxf5 Kc3
42.Ne3 Kd2 43.g4 Bb6 44.Nc4+ Kxc2 45.Nxb6 b3 46.Nc4 Kc3 47.Kd5 h6 48.h4 Kd3
49.g5 hxg5 50.hxg5 Kc3 51.g6 1-0

[Event "Tournoi Ouvert de Gatineau (A)"]
[Site "Gatineau"]
[Date "2015.03.??"]
[Round "3"]
[White "Kuriliw, Ray "]
[Black "Pacey, Kevin "]
[Result "0-1"]
[BlackElo "2238"]
[WhiteElo "1979"]

1.e4 d6 2.b3 Nf6 3.d3 e5 4.Nf3 g6 5.Be2 Bg7 6.Nbd2 O-O 7.h3 d5 8.Bb2 dxe4
9.Nxe4 Nc6 10.g4 Nd4 11.Nxd4 Nxe4 12.dxe4 exd4 13.Qd3 Qf6 14.Qg3 Qb6 15.O-O-O
Re8 16.Bd3 a5 17.f4 a4 18.Rde1 axb3 19.axb3 Be6 20.f5 Bxb3 21.fxg6 hxg6
22.Re2 Be6 23.e5 Ra2 24.c4 dxc3 25.Bxc3 Qc5 26.Rxa2 Qxc3+ 27.Rc2 Qa1+ 28.Kd2
Qxh1 29.Rxc7 Qd5 30.Qh4 Qa5+ 0-1

[Event "Tournoi Ouvert de Gatineau (A)"]
[Site "Gatineau"]
[Date "2015.03.??"]
[Round "3"]
[White "Simic, Dusan "]
[Black "Desjardins, Michel "]
[Result "1-0"]
[BlackElo "2005"]
[WhiteElo "2133"]

1.d4 d5 2.Nf3 Bf5 3.c4 e6 4.Nc3 Nc6 5.a3 a6 6.cxd5 exd5 7.e3 Nf6 8.Bd3 Bxd3
9.Qxd3 Bd6 10.b4 O-O 11.Bb2 Re8 12.O-O Qd7 13.Rad1 h6 14.h3 Rad8 15.b5 Na5
16.bxa6 Nc4 17.Rb1 bxa6 18.Nxd5 Nxd5 19.Qxc4 Rb8 20.Ne5 Bxe5 21.dxe5 Rb5
22.Bd4 Reb8 23.Rxb5 Qxb5 24.Rc1 Qxc4 25.Rxc4 Rb1+ 26.Kh2 Rb3 27.Rc5 c6
28.Rxc6 Rxa3 29.Rd6 Nb4 30.Bc5 a5 31.Rd8+ Kh7 32.Bxb4 axb4 33.Rb8 Rb3 34.Rb6
Rb2 35.Kg3 b3 36.e6 fxe6 37.Rxe6 Rc2 38.Rb6 b2 39.h4 Kg8 40.Rb7 g5 41.hxg5
hxg5 42.f4 gxf4+ 43.exf4 Kf8 44.Kh3 Rf2 45.g3 Rc2 46.Kh4 Rh2+ 47.Kg5 Rg2
48.g4 Kg8 49.f5 Kf8 50.Kf6 Kg8 51.g5 Rc2 52.Rb8+ Kh7 53.g6+ 1-0

[Event "Tournoi Ouvert de Gatineau (A)"]
[Site "Gatineau"]
[Date "2015.03.??"]
[Round "3"]
[White "Forget, David "]
[Black "Adriaanse, Adam "]
[Result "0-1"]
[BlackElo "2132"]
[WhiteElo "1938"]

1.d4 d5 2.c4 c6 3.Nf3 Nf6 4.cxd5 cxd5 5.Nc3 Nc6 6.Bf4 Nh5 7.Bd2 e6 8.e3 Be7
9.Bb5 Bd7 10.Bxc6 Bxc6 11.Ne5 Nf6 12.Nxc6 bxc6 13.Na4 O-O 14.Rc1 Qd7 15.Nc5
Bxc5 16.Rxc5 Ne4 17.Rc2 Rab8 18.a3 Rfc8 19.Bb4 Rb5 20.Qc1 Nd6 21.Bxd6 Qxd6
22.Rc5 Rxc5 23.Qxc5 Qxc5 24.dxc5 Rb8 25.b4 a5 26.Kd2 axb4 27.Rb1 b3 28.Kc3
Rb5 29.Rxb3 Rxc5+ 30.Kd4 Rc4+ 31.Ke5 h6 32.Rb8+ Kh7 33.Rb7 Kg6 34.Rb2 Ra4
35.Ra2 c5 36.Ra1 Ra6 37.a4 Kg5 38.f4+ Kg4 39.h3+ Kg3 0-1

[Event "Tournoi Ouvert de Gatineau (A)"]
[Site "Gatineau"]
[Date "2015.03.??"]
[Round "3"]
[White "Marin, Sam"]
[Black "Kellar, Ben "]
[Result "0-1"]
[BlackElo "1977"]
[WhiteElo "1915"]

1.e4 c5 2.Nf3 g6 3.d4 Bg7 4.Bc4 cxd4 5.Nxd4 Nc6 6.c3 d6 7.Be3 Nf6 8.f3 O-O
9.O-O Bd7 10.Qd2 Re8 11.Rd1 a6 12.a4 Rc8 13.Nxc6 Bxc6 14.a5 Qd7 15.Qe2 Qc7
16.Bb6 Qb8 17.Na3 Nd7 18.Bd4 Ne5 19.Bb3 Bd7 20.h3 Nc6 21.Bb6 Nxa5 22.Bxa5 b6
23.Bb4 a5 24.Bxd6 exd6 25.Nb5 Be5 26.Qd3 Bxb5 27.Qxb5 Rc5 28.Qd7 Rf8 29.Qg4
Kg7 30.f4 h5 31.Qf3 Bf6 32.Rd2 b5 33.Rad1 Qb6 34.Kh1 Be7 35.f5 Rc6 36.Rf1 Bf6
37.Bd5 Rc7 38.Rdf2 b4 39.c4 a4 40.Qd1 a3 41.fxg6 fxg6 42.Qb3 Ra7 43.g4 Qxf2
0-1

[Event "Tournoi Ouvert de Gatineau (A)"]
[Site "Gatineau"]
[Date "2015.03.??"]
[Round "4"]
[White "Gelblum, Robert "]
[Black "Rui-Zhu, Hong"]
[Result "0-1"]
[BlackElo "2238"]
[WhiteElo "2259"]

1.d4 d5 2.Nf3 e6 3.c4 c6 4.Nbd2 Nf6 5.e3 Be7 6.Bd3 O-O 7.O-O b6 8.Qe2 Bb7
9.b3 Nbd7 10.Bb2 Rc8 11.Ne5 Ne8 12.f4 f5 13.cxd5 cxd5 14.Rac1 Nef6 15.Ba6
Bxa6 16.Qxa6 Nxe5 17.fxe5 Ng4 18.Nf3 Qd7 19.Qe2 Nh6 20.Rxc8 Rxc8 21.Qd2 Rc6
22.Rc1 Qc8 23.h3 Rxc1+ 24.Qxc1 Qxc1+ 25.Bxc1 Nf7 26.Ne1 Ng5 27.Nc2 Ne4 28.Ba3
Bxa3 29.Nxa3 Nc3 30.Kf2 a6 31.Nc2 Nxa2 32.Ke1 Nc1 33.b4 Nd3+ 34.Kd2 Nb2
35.Kc3 Nc4 36.Kd3 Kf7 37.g3 Ke7 38.Ne1 Kf7 39.Nf3 h6 40.Ne1 Na3 41.Ng2 Nb5
42.Ne1 Na7 43.Kc3 Nc6 44.Nc2 g5 45.Na3 Na7 46.Kd3 Kg6 47.Nc2 Nc6 48.Kc3 f4
49.exf4 gxf4 50.gxf4 Kf5 51.Ne3+ Kxf4 52.Ng4 h5 53.Nf6 h4 54.Ne8 Ke3 55.Nf6
Nxd4 56.Ng4+ Ke4 57.Nf6+ Kxe5 58.Ng4+ Ke4 59.Nf6+ Kf5 60.Nd7 Nb5+ 61.Kd3 a5
0-1

[Event "Tournoi Ouvert de Gatineau (A)"]
[Site "Gatineau"]
[Date "2015.03.??"]
[Round "4"]
[White "De Kerpel, Stijn "]
[Black "Gordon, David "]
[Result "0-1"]
[BlackElo "2296"]
[WhiteElo "2182"]

1.e4 c5 2.Nc3 Nc6 3.f4 g6 4.Nf3 Bg7 5.Bb5 d6 6.Bxc6+ bxc6 7.d3 Rb8 8.O-O Bg4
9.Qe1 Bxf3 10.Rxf3 Bd4+ 11.Kh1 f5 12.b3 Nf6 13.Bb2 Kf7 14.exf5 gxf5 15.Na4
Bxb2 16.Nxb2 Rg8 17.Nc4 Rg6 18.Qe2 Qd7 19.Re1 Rbg8 20.Ne3 Nd5 21.Rf2 Nxe3
22.Qxe3 Re6 23.Qd2 Rxe1+ 24.Qxe1 Rg6 25.Re2 Re6 26.Kg1 Rxe2 27.Qxe2 Qe6
28.Kf2 Qxe2+ 29.Kxe2 e5 30.Ke3 Ke6 31.c4 { draw offer } 31...Kf6 32.g3 h5
33.h4 Ke6 34.Kf3 Kd7 35.Ke3 Kc7 36.a3 Kd7 37.Kf3 Ke6 38.Ke3 a5 39.a4 d5
40.fxe5 Kxe5 41.cxd5 cxd5 42.d4+ cxd4+ 43.Kd3 Ke6 44.Kxd4 Kd6 45.Kc3 Kc5
46.Kd3 Kb4 47.Kd4 Kxb3 48.Kxd5 Kxa4 49.Ke5 Kb4 50.Kxf5 a4 51.Kg5 a3 52.Kxh5
a2 53.g4 a1=Q 54.g5 Qg7 55.g6 Kc5 56.Kg5 Kd6 57.h5 Ke6 0-1

[Event "Tournoi Ouvert de Gatineau (A)"]
[Site "Gatineau"]
[Date "2015.03.??"]
[Round "4"]
[White "Pacey, Kevin "]
[Black "Wan, Kevin "]
[Result "1/2-1/2"]
[BlackElo "2254"]
[WhiteElo "2238"]

1.g3 d5 2.Nf3 Nf6 3.Bg2 e6 4.c4 c6 5.b3 Nbd7 6.Bb2 Bd6 7.O-O O-O 8.Nc3 b6
9.d3 Bb7 10.e3 Rc8 11.Qe2 Qe7 12.Rfd1 Rfd8 13.Rac1 Ne5 14.Nxe5 Bxe5 15.d4 Bd6
16.e4 dxe4 17.Nxe4 Nxe4 18.Qxe4 Ba8 19.c5 Bb8 20.b4 b5 21.Bf1 Bb7 22.Bd3 g6
23.Re1 Rd7 24.Qf3 Re8 25.Be4 Rc7 26.Qc3 Qf6 27.Qd2 Qe7 28.Qh6 Qf8 29.Qe3 Rcc8
30.Qc3 Qg7 31.Qb3 1/2-1/2

[Event "Tournoi Ouvert de Gatineau (A)"]
[Site "Gatineau"]
[Date "2015.03.??"]
[Round "4"]
[White "Davies, Alex "]
[Black "Cova, Ramon J "]
[Result "1/2-1/2"]
[BlackElo "2084"]
[WhiteElo "2281"]

1.e4 Nf6 2.e5 Nd5 3.d4 Nb6 4.Nf3 d5 5.exd6 exd6 6.Bd3 Be7 7.O-O O-O 8.h3 Nc6
9.c3 Bf6 10.Bf4 Nd5 11.Bg3 Nce7 12.Qc2 g6 13.Nbd2 Nf5 14.Bh2 Bg7 15.Rfe1 Nh4
16.Qb3 Nxf3+ 17.Nxf3 Nb6 18.Bg3 Be6 19.Qc2 Re8 20.Rad1 Bd5 21.Nd2 Rxe1+
22.Rxe1 f5 23.f4 Qf8 24.Bf2 Bh6 25.c4 Bc6 26.d5 Bd7 27.g3 Re8 28.Nf3 Rxe1+
29.Bxe1 Bg7 30.b3 Qf6 31.Bf2 Qb2 32.Qxb2 Bxb2 33.Bd4 Bxd4+ 34.Nxd4 Kf7 35.Kf2
Nc8 36.Ke3 Ne7 37.b4 Kf6 38.a3 Kf7 39.Nf3 Kf6 40.Nd4 Kf7 41.Ne2 Ng8 42.Kd4
Nf6 43.c5 Ke7 44.Bc4 Ne4 45.h4 Be8 46.Bd3 Nf6 47.Nc3 Nh5 48.Ne2 Bf7 49.Bc4
Bg8 1/2-1/2

[Event "Tournoi Ouvert de Gatineau (A)"]
[Site "Gatineau"]
[Date "2015.03.??"]
[Round "4"]
[White "Yao, Sammy "]
[Black "Simic, Dusan "]
[Result "1-0"]
[BlackElo "2133"]
[WhiteElo "2084"]

1.e4 e6 2.d4 d5 3.Nc3 Nf6 4.e5 Nfd7 5.Nce2 c5 6.c3 Nc6 7.f4 cxd4 8.cxd4 Bb4+
9.Bd2 Qb6 10.Nf3 O-O 11.a3 Be7 12.Bc3 f6 13.Qd2 Qd8 14.Ng3 Nb6 15.Bd3 Bd7
16.Qc2 f5 17.b4 Rc8 18.Qd2 Na4 19.Rc1 Nxc3 20.Rxc3 Nxb4 21.Bxf5 exf5 22.Rxc8
Qxc8 23.axb4 Qc4 24.Kf2 Bxb4 25.Qb2 Rc8 26.Ne2 a5 27.Rc1 Qa6 28.Qb3 Rc4
29.Qe3 Be6 30.Nh4 Be7 31.Qh3 g6 32.Nf3 Qc6 33.Rb1 b5 34.Qh6 Bf8 35.Qg5 b4
36.h4 Qe8 37.h5 Be7 38.Qg3 Rc6 39.Rh1 Bc8 40.Nh4 Bxh4 41.Qxh4 gxh5 42.Qg5+
Rg6 43.Qxh5 Qf7 44.Qh4 Ba6 45.Qd8+ Kg7 46.Rc1 Bc4 47.Qxa5 Bxe2 48.Rc7 Bc4
49.Rxf7+ Kxf7 50.Qxb4 Ra6 51.Qb7+ Kg6 52.Qe7 h6 53.e6 Kh5 54.Qf7+ Kg4 55.Qg6+
Kxf4 56.Qg3+ 1-0